Green Places (Record no. 118541)
[ view plain ]
| 000 -LEADER | |
|---|---|
| fixed length control field | 00701cas a22002535a 4500 |
| 001 - CONTROL NUMBER | |
| control field | L00202908 |
| 008 - FIXED-LENGTH DATA ELEMENTS--GENERAL INFORMATION | |
| fixed length control field | 070619c2003 xxkmr p 0 a0eng |
| 022 1# - INTERNATIONAL STANDARD SERIAL NUMBER | |
| International Standard Serial Number | 1742-3716 |
| 035 ## - SYSTEM CONTROL NUMBER | |
| System control number | (Sirsi) u98835 |
| 041 0# - LANGUAGE CODE | |
| Language code of text/sound track or separate title | eng |
| 110 2# - MAIN ENTRY--CORPORATE NAME | |
| Corporate name or jurisdiction name as entry element | Landscape Design Trust |
| 9 (RLIN) | 5226 |
| 245 00 - TITLE STATEMENT | |
| Title | Green Places |
| Remainder of title | Incorporating Landscape Design |
| 260 ## - PUBLICATION, DISTRIBUTION, ETC. | |
| Place of publication, distribution, etc. | Redhill |
| Name of publisher, distributor, etc. | Landscape Design Trust |
| Date of publication, distribution, etc. | 2003- |
| 362 0# - DATES OF PUBLICATION AND/OR SEQUENTIAL DESIGNATION | |
| Dates of publication and/or sequential designation | 2003- |
| 510 2# - CITATION/REFERENCES NOTE | |
| Name of source | Knowledge Alert |
| Location within source | 2006- |
| 520 ## - SUMMARY, ETC. | |
| Summary, etc. | Kept for one year |
| 554 ## - | |
| -- | 10 per year |
| 651 #4 - SUBJECT ADDED ENTRY--GEOGRAPHIC NAME | |
| Geographic name | United Kingdom |
| Chronological subdivision | |
| 690 ## - LOCAL SUBJECT ADDED ENTRY--TOPICAL TERM (OCLC, RLIN) | |
| Topical term or geographic name as entry element | BUILT ENVIRONMENT |
| 780 00 - PRECEDING ENTRY | |
| Title | Landscape Design |
| International Standard Serial Number | 0020-2908 |
| 856 ## - ELECTRONIC LOCATION AND ACCESS | |
| Uniform Resource Identifier | <a href="https://www.landscape.co.uk/gp.html">https://www.landscape.co.uk/gp.html</a> |
| 942 ## - ADDED ENTRY ELEMENTS (KOHA) | |
| Suppress in OPAC | 0 |
| 948 ## - LOCAL PROCESSING INFORMATION (OCLC); SERIES PART DESIGNATOR (RLIN) | |
| c (OCLC) | 18/07/1994 |
| Withdrawn status | Lost status | Source of classification or shelving scheme | Damaged status | Not for loan | Home library | Current library | Shelving location | Date acquired | Total Checkouts | Full call number | Barcode | Date last seen | Price effective from | Koha item type |
|---|---|---|---|---|---|---|---|---|---|---|---|---|---|---|
| Other/Generic Classification Scheme | London | London | Gallery | 19/04/2005 | GREEN PLACES | 98835-1001 | 06/08/2019 | 06/08/2019 | Journal |